Southville International School and Colleges
Your cart is empty.
  • Cart
  • Lists
    Public lists Eva Luna New books Lux_list list_1
    Your lists Log in to create your own lists
  • Log in to your account
  • Your cookies
  • Search history
Southville International School and Colleges
  • Advanced search
  • Recent comments
  • Most popular
  • Libraries

Log in to your account

Log in with GOOGLE


If you do not have an external account, but do have a local account, you can still log in:

  1. Home
  2. MARC view: Taming the lion :
Normal view MARC view ISBD view

Taming the lion : (Record no. 283317)

[ view plain ]
MARC details
000 -LEADER
fixed length control field 00453nam a2200145Ia 4500
008 - FIXED-LENGTH DATA ELEMENTS--GENERAL INFORMATION
fixed length control field 150223s9999 xx 000 0 und d
020 ## - INTERNATIONAL STANDARD BOOK NUMBER
International Standard Book Number 8170947162
050 ## - LIBRARY OF CONGRESS CALL NUMBER
Classification number HG 4521
Item number .F231 2005
100 ## - MAIN ENTRY--PERSONAL NAME
Personal name Farleigh, Richard.
245 ## - TITLE STATEMENT
Title Taming the lion :
Remainder of title 100 secret strategies for investing /
Statement of responsibility, etc Richard Farleigh.
260 ## - PUBLICATION, DISTRIBUTION, ETC. (IMPRINT)
Place of publication, distribution, etc UK :
Name of publisher, distributor, etc Harriman House Ltd.,
Date of publication, distribution, etc 2005
300 ## - PHYSICAL DESCRIPTION
Extent 232 pages :
Dimensions 22 cm.
504 ## - BIBLIOGRAPHY, ETC. NOTE
Bibliography, etc Includes Index.
650 ## - SUBJECT ADDED ENTRY--TOPICAL TERM
Topical term or geographic name as entry element Business
General subdivision Investing

No items available.

Taming the lion :

APA

Farleigh R., . (2005). Taming the lion. UK: Harriman House Ltd.

Chicago

Farleigh Richard, . 2005. Taming the lion. UK: Harriman House Ltd.

Harvard

Farleigh R., . (2005). Taming the lion. UK: Harriman House Ltd.

MLA

Farleigh Richard, . Taming the lion. UK: Harriman House Ltd. 2005.

  • Print
  • Cite
  • Add to your cart (remove)
  • Save record
    BIBTEX Dublin Core MARCXML MARC (non-Unicode/MARC-8) MARC (Unicode/UTF-8) MARC (Unicode/UTF-8, Standard) MODS (XML) RIS
  • More searches
    Search for this title in:
    Other Libraries (WorldCat) Other Databases (Google Scholar) Online Stores (Bookfinder.com) Open Library (openlibrary.org)

Exporting to Dublin Core...

SOUTHVILLE LIBRARY

Southville International School and Colleges Library

1281 Tropical Ave. Cor. Luxembourg St., BF Homes International, Las Pinas City

Tel. No. 8256374 / 252358 Loc. 117/146

Powered by Koha